| 000 | 00719nam a2200241 a 4500 | ||
|---|---|---|---|
| 001 | 71828 | ||
| 003 | BD-RjUL | ||
| 005 | 20211209082151.0 | ||
| 008 | 170508s1923 nyuabef 001 0 eng d | ||
| 035 | _a(BD-RjUL)72044 | ||
| 040 |
_aDLC _cDLC _dBD-RjUL _beng |
||
| 041 | _aeng | ||
| 082 | 0 | 0 |
_a935 _223 _bOLH 1923 |
| 100 | 1 |
_aOlmstead, A. T. _q(Albert Ten Eyck), _d1880-1945. _9212483 |
|
| 245 | 0 | 0 |
_aHistory of Assyria / _cby A. T. Olmstead |
| 260 |
_aNew York, _aLondon : _bC. Scriber's sons, _cc1923. |
||
| 300 |
_axxix, 695 p. : _bill. ; _c25 cm. |
||
| 500 | _aIncludes Index. | ||
| 650 | 0 |
_aCivilization, Assyro-Babylonian. _9212484 |
|
| 651 | 0 |
_aAssyria _xHistory. _9212485 |
|
| 942 |
_2ddc _cBK |
||
| 999 |
_c71828 _d71828 |
||